000 00402nam a22001457a 4500
003 OSt
005 20160727222453.0
008 160705b xxu||||| |||| 00| 0 eng d
040 _cTEST
100 _92108
_a Field Enterprises Educational
245 _aThe World Book Encyclopedia I - Z
260 _aLon
_b Field Enter.Edu.Cor.
_c1968
300 _aThe World Book Encyclopedia I - Z
942 _2ddc
_cBK
999 _c1803
_d1803